Statystyki dla Polskie Kluby w Europejskich Pucharach

Kliknij tutaj aby rozwiązać quiz!

Ogólne statystyki

  • Ten quiz został rozwiązany 212 razy
    (149 od ostatniego zresetowania)
  • Średni wynik to 24 z 39

Statystyki odpowiedzi

Klub% Poprawnych
Legia Warszawa
98%
Lech Poznań
95%
Wisła Kraków
93%
Pogoń Szczecin
88%
Górnik Zabrze
87%
Lechia Gdańsk
85%
Arka Gdynia
84%
Cracovia
84%
Ruch Chorzów
84%
Śląsk Wrocław
84%
Widzew Łódź
84%
Jagiellonia Białystok
82%
Raków Częstochowa
81%
ŁKS Łódź
80%
Polonia Warszawa
80%
Zagłębie Lubin
79%
Piast Gliwice
77%
GKS Katowice
75%
Wisła Płock
71%
Stal Mielec
65%
Polonia Bytom
63%
Zawisza Bydgoszcz
60%
Amica Wronki
57%
Zagłębie Sosnowiec
55%
GKS Bełchatów
52%
Odra Opole
51%
Stal Rzeszów
48%
GKS Tychy
45%
Miedź Legnica
45%
Motor Lublin
45%
Dyskobolia Grodzisk Wielkopolski
40%
Hutnik Kraków
37%
Szombierki Bytom
34%
Odra Wodzisław Śląski
29%
Gwardia Warszawa
26%
Górnik Wałbrzych
25%
ROW Rybnik
17%
Bałtyk Gdynia
13%
Zagłębie Wałbrzych
13%

Rozkład punktacji

Percentyl według liczby udzielonych odpowiedzi

Procent ludzi z każdym wynikiem

Twoja historia wyników

Nie rozwiązałeś tego quizu od ostatniego zresetowania